[Event "Solingen-ch 2022"]
[Site "Solingen"]
[Date "2022.11.25"]
[Round "7.3"]
[White "Vranidis, Athanassios"]
[Black "Waagener, Ulrich"]
[Result "1/2-1/2"]
[WhiteElo "1906"]
[BlackElo "2123"]
[PlyCount "70"]
[EventDate "2022.??.??"]
[WhiteTeam "SG Solingen e.V."]
[BlackTeam "SG Solingen e.V."]

1. d4 Nf6 2. c4 e6 3. Nc3 Bb4 4. Qc2 d6 5. a3 Bxc3+ 6. Qxc3 Nbd7 7. Bg5 h6 8.
Bh4 g5 9. Bg3 Ne4 10. Qc2 Ndf6 11. f3 Nxg3 12. hxg3 d5 13. e3 b6 14. Bd3 Bb7
15. Ne2 Qd7 16. c5 c6 17. Rc1 Kf8 18. Kf2 Kg7 19. b4 Qe7 20. Qb2 h5 21. b5 bxc5
22. bxc6 Bxc6 23. Rxc5 Rhb8 24. Qc2 Be8 25. Rb1 Rb6 26. Rb4 Rxb4 27. axb4 Nd7
28. Rb5 Nb6 29. Qc5 Kf8 30. Qxe7+ Kxe7 31. Rc5 Na4 32. Ra5 Kd6 33. Bc2 Nb6 34.
Bd3 Na4 35. Bc2 Nb6 1/2-1/2

[Event "Solingen-ch 2022"]
[Site "Solingen"]
[Date "2022.11.25"]
[Round "7.5"]
[White "Meckel, Helmut"]
[Black "Fichtner, Ewald"]
[Result "0-1"]
[WhiteElo "1834"]
[BlackElo "2027"]
[PlyCount "54"]
[EventDate "2022.??.??"]
[WhiteTeam "SG Solingen e.V."]
[BlackTeam "SG Solingen e.V."]

1. b4 c6 2. c4 d5 3. e3 Bf5 4. Bb2 e6 5. Nf3 Nf6 6. b5 Bd6 7. Ne5 O-O 8. f4 Ne4
9. g3 f6 10. Ng4 dxc4 11. bxc6 Nxc6 12. Bxc4 Qb6 13. Bb3 a5 14. Ba3 Bxa3 15.
Nxa3 Nxd2 16. Qxd2 Bxg4 17. Nc4 Qc5 18. Rc1 Rfd8 19. Qc3 a4 20. h3 Bf5 21. Bc2
Bxc2 22. Rxc2 Nb4 23. Re2 Rac8 24. O-O Qxc4 25. Qxc4 Rxc4 26. Rb1 Rdc8 27. Reb2
Rc1+ 0-1

[Event "Solingen-ch 2022"]
[Site "Solingen"]
[Date "2022.11.25"]
[Round "7.6"]
[White "Shivkumar, Siddharth"]
[Black "Boschek, Dr. Hajo"]
[Result "1-0"]
[WhiteElo "1491"]
[BlackElo "1922"]
[PlyCount "37"]
[EventDate "2022.??.??"]
[WhiteTeam "SG Solingen e.V."]
[BlackTeam "SG Solingen e.V."]

1. e4 c5 2. Nc3 e6 3. f4 d5 4. Bb5+ Bd7 5. Bxd7+ Qxd7 6. Nf3 Nc6 7. d3 d4 8.
Ne2 Nf6 9. O-O Be7 10. a3 Qc7 11. Qe1 g6 12. c3 dxc3 13. Qxc3 O-O 14. f5 e5 15.
Bh6 Rfd8 16. fxg6 hxg6 17. Ng5 Nd4 18. Nxd4 exd4 19. Qc4 1-0

[Event "Solingen-ch 2022"]
[Site "Solingen"]
[Date "2022.11.25"]
[Round "7.7"]
[White "Matzner, Julian"]
[Black "Steinbach, Wolfgang"]
[Result "1/2-1/2"]
[WhiteElo "1568"]
[BlackElo "1921"]
[PlyCount "99"]
[EventDate "2022.??.??"]
[WhiteTeam "SK Köln-Worringen 1972"]
[BlackTeam "SG Solingen e.V."]

1. c4 c5 2. Nc3 Nc6 3. Nf3 e5 4. g3 g6 5. Bg2 Bg7 6. O-O Nge7 7. d3 O-O 8. Bd2
d6 9. Ne1 Rb8 10. Nc2 Be6 11. Ne3 f5 12. Ned5 h6 13. Qc1 Kh7 14. f4 Nd4 15. Qd1
Bd7 16. e3 Ne6 17. h4 exf4 18. gxf4 Ng8 19. h5 Qe8 20. Bf3 g5 21. e4 Bd4+ 22.
Be3 Bxe3+ 23. Nxe3 Nxf4 24. Nxf5 Bxf5 25. exf5 Qe3+ 26. Kh2 Nf6 27. Qe1 Rfe8
28. Qxe3 Rxe3 29. Rae1 Rbe8 30. Ne4 R3xe4 31. Bxe4 b6 32. Bc6 Rxe1 33. Rxe1
Ng4+ 34. Kg3 Ne5 35. Be4 Nxh5+ 36. Kh2 Nf6 37. b3 {(=)} h5 38. a4 a5 39. Bg2
Kh6 40. d4 cxd4 41. Rd1 d3 42. Kg3 h4+ 43. Kf2 Nh5 44. Be4 Nf4 45. Ke3 Kg7 46.
Rd2 Kf6 47. Rd1 Ng4+ 48. Kf3 Ne5+ 49. Ke3 Ng4+ 50. Kf3 1/2-1/2

[Event "Solingen-ch 2022"]
[Site "Solingen"]
[Date "2022.11.25"]
[Round "7.8"]
[White "Fränzel, Dr. Marius"]
[Black "Bauer, Matthias"]
[Result "1/2-1/2"]
[WhiteElo "1762"]
[BlackElo "1626"]
[PlyCount "49"]
[EventDate "2022.??.??"]
[WhiteTeam "SG Solingen e.V."]
[BlackTeam "SV Günnigfeld 1922 e.V."]

1. e4 e6 2. d4 d5 3. exd5 exd5 4. c4 c6 5. Nc3 Nf6 6. Bd3 Bb4 7. Nf3 Qe7+ 8.
Be3 dxc4 9. Bxc4 O-O 10. O-O Bg4 11. h3 Bh5 12. a3 Bd6 13. Re1 Qc7 14. Rc1 Nbd7
15. Be2 Bf4 16. Bxf4 Qxf4 17. d5 Rac8 18. dxc6 Rxc6 19. Qd4 Qxd4 20. Nxd4 Rcc8
21. Bxh5 Nxh5 22. Nf5 Rc5 23. Ne7+ Kh8 24. Rcd1 Nhf6 25. Ned5 1/2-1/2

[Event "Solingen-ch 2022"]
[Site "Solingen"]
[Date "2022.11.25"]
[Round "7.9"]
[White "Gülcan, Batuhan Ege"]
[Black "Bock, Jürgen"]
[Result "0-1"]
[WhiteElo "1519"]
[BlackElo "1564"]
[PlyCount "88"]
[EventDate "2022.??.??"]
[WhiteTeam "SG Solingen e.V."]
[BlackTeam "SC Düsseldorf Garath 197"]

1. d4 f5 2. c4 Nf6 3. Nc3 e6 4. Nf3 d5 5. Qb3 c6 6. Bg5 Bd6 7. e3 Nbd7 8. cxd5
exd5 9. Bd3 h6 10. Bxf6 Qxf6 11. Qc2 O-O 12. a3 f4 13. O-O g5 14. Ne2 g4 15.
Nd2 f3 16. gxf3 gxf3 17. Ng3 Nb6 18. Bh7+ Kh8 19. Qg6 Bh3 20. Rfe1 Qxg6 21.
Bxg6 Rg8 22. Bh5 Bg4 23. Bxg4 Rxg4 24. Nxf3 h5 25. Kf1 Rf8 26. Ke2 h4 27. h3
Rg7 28. Nh5 Rgf7 29. Nxh4 Rxf2+ 30. Kd3 Kh7 31. Rg1 R8f7 32. Rg4 Nc4 33. Rag1
Nxb2+ 34. Kc3 Bf8 35. Ng6 Bh6 36. Ngf4 Nc4 37. R1g3 Nd6 38. Rg1 Ne4+ 39. Kb3
Nf6 40. Nxf6+ Rxf6 41. Nh5 R6f3 42. Rg6 Rxe3+ 43. Kb4 Bf8+ 44. Ka4 Rxa3# 0-1

[Event "Solingen-ch 2022"]
[Site "Solingen"]
[Date "2022.11.25"]
[Round "7.10"]
[White "Hirsch, Dominik"]
[Black "Scheidtmann, Kian"]
[Result "1/2-1/2"]
[WhiteElo "1649"]
[BlackElo "1576"]
[PlyCount "70"]
[EventDate "2022.??.??"]
[WhiteTeam "Elberfelder SG"]
[BlackTeam "SG Solingen e.V."]

1. Nf3 c5 2. c4 Nf6 3. Nc3 d5 4. cxd5 Nxd5 5. g3 Nc6 6. Bg2 Nxc3 7. bxc3 e5 8.
d3 Be7 9. O-O O-O 10. Rb1 Qa5 11. Qc2 Rb8 12. Bd2 b5 13. d4 Be6 14. c4 Nb4 15.
Bxb4 cxb4 16. d5 Bxd5 17. cxd5 Rfc8 18. Qd2 Bd6 19. Bh3 Rc3 20. Ng5 b3 21. Ne4
bxa2 22. Qxc3 axb1=Q 23. Rxb1 Qa2 24. Qb3 Qa6 25. Nxd6 Qxd6 26. Rc1 Qh6 27.
Rc8+ Rxc8 28. Bxc8 Qc1+ 29. Kg2 Qxc8 30. Qxb5 Kf8 31. d6 f6 32. e4 a6 33. Qa4
h5 34. d7 Qd8 35. Qb4+ Kf7 1/2-1/2

[Event "Solingen-ch 2022"]
[Site "Solingen"]
[Date "2022.11.25"]
[Round "7.11"]
[White "Schubert, Stefan"]
[Black "Becker, Carsten"]
[Result "0-1"]
[WhiteElo "1519"]
[BlackElo "1858"]
[PlyCount "38"]
[EventDate "2022.??.??"]
[WhiteTeam "SG Solingen e.V."]
[BlackTeam "SG Solingen e.V."]

1. c4 Nf6 2. Nc3 e6 3. g3 d5 4. cxd5 exd5 5. Bg2 Be7 6. d4 O-O 7. e4 dxe4 8.
Be3 Bf5 9. Qc2 Nc6 10. Nge2 Nb4 11. Qb3 Nd3+ 12. Kd2 c5 13. Nxe4 Nxe4+ 14. Kxd3
Nxf2+ 15. Kd2 Nxh1 16. Bxh1 cxd4 17. Bf4 Qa5+ 18. Kd1 Rac8 19. Qxb7 Bc2+ 0-1

[Event "Solingen-ch 2022"]
[Site "Solingen"]
[Date "2022.11.25"]
[Round "7.12"]
[White "Helfer, Bernd"]
[Black "Speck, Stefan"]
[Result "1/2-1/2"]
[WhiteElo "1843"]
[BlackElo "1882"]
[PlyCount "57"]
[EventDate "2022.??.??"]
[WhiteTeam "SC Erkrath 1973"]
[BlackTeam "SG Solingen e.V."]

1. Nf3 e6 2. c4 f5 3. g3 Nf6 4. Bg2 d5 5. O-O c6 6. d3 Be7 7. e3 O-O 8. Nc3 Na6
9. a3 Nc7 10. Rb1 Nce8 11. Qe2 Nd6 12. Rd1 Nf7 13. b4 g5 14. cxd5 exd5 15. Na4
h6 16. Bb2 {(=)} Qc7 17. Rdc1 Bd7 18. Nc5 Rae8 19. Nd4 Bd8 20. Nxd7 Qxd7 21.
Bh3 Nd6 22. Qd2 Ng4 23. Re1 Rf7 24. Bg2 Ne5 25. Nf3 Ng6 26. Bd4 Nb5 27. Bb2 Nd6
28. Bd4 Nb5 29. Bb2 1/2-1/2

[Event "Solingen-ch 2022"]
[Site "Solingen"]
[Date "2022.11.25"]
[Round "7.13"]
[White "Fetahovic, Sarah"]
[Black "Falk, Thomas"]
[Result "1-0"]
[WhiteElo "1283"]
[BlackElo "1526"]
[PlyCount "43"]
[EventDate "2022.??.??"]
[WhiteTeam "SG Solingen e.V."]
[BlackTeam "Elberfelder SG"]

1. e4 e6 2. d4 d5 3. exd5 exd5 4. Nf3 Bd6 5. Nc3 c6 6. Bd3 Ne7 7. h3 Bf5 8. O-O
Bxd3 9. Qxd3 O-O 10. Re1 Ng6 11. Ne2 Nd7 12. c4 Re8 13. cxd5 cxd5 14. Bd2 Nb6
15. Nc3 Bf4 16. Rxe8+ Qxe8 17. Bxf4 Nxf4 18. Qf5 Ne2+ 19. Nxe2 Qxe2 20. Re1
Qxb2 21. Ng5 g6 22. Qxf7+ 1-0

[Event "Solingen-ch 2022"]
[Site "Solingen"]
[Date "2022.11.25"]
[Round "7.14"]
[White "Dhanasekaran Meenambigai, Diya"]
[Black "Pernizki, Max"]
[Result "1-0"]
[WhiteElo "1464"]
[BlackElo "1408"]
[PlyCount "45"]
[EventDate "2022.??.??"]
[WhiteTeam "SG Solingen e.V."]
[BlackTeam "SG Solingen e.V."]

1. e4 c6 2. d4 d5 3. exd5 cxd5 4. c4 Nf6 5. Nf3 Bg4 6. Nc3 Nc6 7. Be2 e6 8. Bf4
dxc4 9. Bxc4 Bxf3 10. Qxf3 Nxd4 11. Qd1 Bc5 12. O-O O-O 13. Be5 a6 14. a3 b5
15. Ba2 Ne8 16. Qg4 g6 17. Rad1 Nf6 18. Qf4 Nh5 19. Qe3 Qe7 20. Bxd4 Bxd4 21.
Rxd4 Ng7 22. Nd5 Qg5 23. Qxg5 1-0